00539nam a2200193Ia 4500008004100000020001800041050001400059100001800073245001800091245002100109260002000130260001400150260000900164300001500173300002500188300001000213999001900223952010300242180207s9999 xx 000 0 und d a9781846960376 bD621 2006 aDixon, Dougal 4aThe ice age / cby Dougal Dixon. aGreat Britain : bTickTock, c2006 a32 pages : bcolor illustration ; c28cm. c355781d355781 001040aSSISMbSSISMd2018-02-07l0oER D621 2006pSSISM5326r2018-02-07 00:00:00w2018-02-07yBK